000 002280000a22000970004500
100 1 _aNeira, Armando
245 1 0 _aLos hijos de la ciencia
300 _aVol. 21, Núm 21 (1993), Páginas 42-43
773 0 _tCambio 16
942 _cANA
999 _c58342
_d58342